| 000 | 00704nam a2200205Ii 4500 | ||
|---|---|---|---|
| 003 | JO-AjNU | ||
| 008 | 230605s9999||||xx |||||||||||||| ||und|| | ||
| 017 | _a1990/67 | ||
| 040 |
_aJO-AjNU _bara _erda _cJO-AjNU |
||
| 041 | _aara | ||
| 050 | 1 | 4 | _aBF698.M83.1990 |
| 100 | 3 |
_aفرحان،محمد جلوب, _eauthor _916283 |
|
| 245 | 0 | 0 | _aالقدوة :دراسة تحليلية تاريخية في مواصفات الشخصية المثالية |
| 264 | 3 | 1 | _aالموصل:مديرية دار الكتب للطباعة والنشر ،1990 |
| 300 | _a165ص | ||
| 336 |
_atext _btxt _2rdacontent |
||
| 337 |
_aunmediated _bn _2rdamedia |
||
| 338 |
_avolume _bnc _2rdacarrier |
||
| 650 | 4 |
_aقيادة _916284 |
|
| 999 |
_aA4790 _c8358 _d8358 |
||